Country Flags with Yellow - Statistics

General Stats
  • This quiz has been taken 33 times
  • The average score is 61 of 87
Answer Stats
Picture Answer % Correct
Brazil
97%
China
97%
Germany
97%
Sweden
97%
Belgium
93%
Vatican City
93%
Jamaica
90%
Spain
90%
Vietnam
90%
Argentina
86%
Bhutan
86%
Palau
86%
Antigua and Barbuda
83%
Barbados
83%
Democratic Republic of the Congo
83%
Malaysia
83%
Mauritania
83%
North Macedonia
83%
South Africa
83%
Kazakhstan
79%
Papua New Guinea
79%
The Philippines
79%
Uruguay
79%
Angola
76%
Eswatini
76%
Ethiopia
76%
Liechtenstein
76%
Venezuela
76%
Bosnia and Herzegovina
72%
Brunei
72%
Burkina Faso
72%
Cameroon
72%
Colombia
72%
Ghana
72%
Guyana
72%
Myanmar
72%
Nauru
72%
Serbia
72%
Seychelles
72%
Comoros
69%
Kiribati
69%
Lithuania
69%
Republic of the Congo
69%
The Bahamas
69%
Vanuatu
69%
Cape Verde
66%
Dominica
66%
Ecuador
66%
Gabon
66%
Romania
66%
Suriname
66%
Tajikistan
66%
Togo
66%
Ukraine
66%
Andorra
62%
Belize
62%
Chad
62%
Eritrea
62%
Fiji
62%
Guinea
62%
Mauritius
62%
Mozambique
62%
Portugal
62%
Saint Kitts and Nevis
62%
South Sudan
62%
Sri Lanka
62%
Tuvalu
62%
Uganda
62%
East Timor
59%
Grenada
59%
Guinea-Bissau
59%
Mali
59%
Namibia
59%
Rwanda
59%
Senegal
59%
St. Lucia
59%
Tanzania
59%
Zimbabwe
59%
Kyrgyzstan
55%
Moldova
55%
Mongolia
55%
São Tomé and Príncipe
55%
St. Vincent and the Grenadines
55%
Benin
52%
Solomon Island
48%
Bolivia
45%
Central African Republic
45%
No matching quizzes found
Score Distribution
Percent of People with Each Score
Percentile by Number Answered
Your Score History
You have not taken this quiz